| 000 | 01159nam a2200241Ia 4500 | ||
|---|---|---|---|
| 999 |
_c55444 _d55444 |
||
| 001 | 22526 | ||
| 003 | GE_BSU | ||
| 005 | 20210405173235.0 | ||
| 008 | 181216s2016||||ge |||||||||||||| ||geo|| | ||
| 040 | _cGE_BSU | ||
| 041 | _ageo | ||
| 080 | _a51 ც-63 | ||
| 100 |
_aცინარიძე, რუსლან _910852 |
||
| 245 |
_aფიბრული ძლიერი შეიპური თეორიის შესახებ / _cრუსლან, ცინარიძე; ვლადიმერ, ბალაძე; ბათუმის შოთა რუსთაველის სახელწიფო უნ–ტი |
||
| 264 |
_aბათუმი, _c2016. |
||
| 300 |
_a101 გვ.; _b30 სმ. |
||
| 504 | _aბიბლიოგრ. გვ. 96-101 | ||
| 653 | _aმათემატიკა | ||
| 653 | _aფიბრული ძლიერი შეიპური თეორიის შესახებ | ||
| 653 | _aდისერტაცია | ||
| 700 |
_aბალაძე, ვლადიმერ _eსამეცნიერო ხელმძღვანელი _94118 |
||
| 942 |
_cBK _2udc |
||